000 00363nam a2200157Ia 4500
003 0STCL
008 150530s9999 xx 000 0 und d
040 _aSTCL
_cSTCL
100 _aGregory Possehl,L.; Ed
245 _aAncient cities of the Indus
260 _bVikas
_c1979
546 _aEnglish
942 _2ddc
_cBK
999 _c68797
_d68797
005 20220125171406.0